Geometria (Registro nro. 5803)
[ vista simple ]
| 000 -CABECERA (24) | |
|---|---|
| Campo de control interno | 00939nam a2200229Ia 4500 |
| 003 - IDENTIFICADOR DE CONTROL | |
| Campo control | OSt |
| 005 - FECHA Y HORA DE CATALOGACION | |
| Campo de control | 20240126152246.0 |
| 008 - ELEMENTOS DE LONGITUD FIJA - INFORMACIÓN GENERAL | |
| Campo de control de longitud fija | 220107t1960||||xx |||||||||||||| ||und|| |
| 040 ## - Origen de la Catalogacion | |
| Origen de la Catalogacion | BoOrUTOFe |
| 082 ## - Número de la Clasificación Decimal Dewey | |
| Número de la Clasificación Decimal Dewey | 513 |
| Codigo Cutter | R42 |
| 100 ## - Autor Personal | |
| Autor Personal | Repetto, Celina H. |
| 245 #0 - Titulo | |
| Titulo | Geometria |
| 246 ## - Variante del Titulo | |
| Titulo | geometry |
| 260 ## - Editorial | |
| Ciudad | Buenos Aires: |
| Nombre de la Editorial | Kapelusz ; |
| Fecha | 1962. |
| 300 ## - Descripcion | |
| Extension | 147 p. |
| Otros detalles fisicos | ilus. ; |
| Dimensiones | 20,5 cm. |
| 505 ## - Nota de contenido formateada | |
| Nota de contenido formateada | I Polígonos convexos, II simetría central y accial, III paralelogramas, IV parlelogramos especiales, V Construcción de parlelogramos, VI trapecios y trapesoides, VII puntos notables del triángulo, VIII circunferencia y círculo, IX posiciones relativas de una recta, X ángulos insciptos y semiinscriptos, XI polígonos equivalentes, XII equivalencia de figuras poligonales |
| 650 ## - Temas - Descriptores | |
| Temas - Descriptores | Geometría |
| 655 ## - Tema - Genero/Forma | |
| Genero/Forma | Libros de Texto |
| 700 ## - Autor Personal | |
| Autor Personal | Linskens, Marcela E. |
| 700 ## - Autor Personal | |
| Autor Personal | Fesquet, Hilda B. |
| 942 ## - ELEMENTOS DE KOHA | |
| Tipo de Documento | Libros |
| Esquema de Clasificaci | Clasificación Decimal Dewey |
| Catalogador | sv |
| Retirado (estado) | Perdido (estado) | Fuente de Clasificacion | Deterioro (estado) | Prestamo | Ubicacion permanente | Ubicacion actual | Fondo | Fecha de adquisicion | Fecha de modificacion | Prestamos | Signatura Topografica | Codigo de barras | Ultima fecha de verificacion | Price effective from | Tipo de Item |
|---|---|---|---|---|---|---|---|---|---|---|---|---|---|---|---|
| No dañado | Disponible | Clasificación Decimal Dewey | No Dañado | Disponible | Biblioteca Central | Biblioteca Central | Fondo General | 26/01/2024 | 2024-01-29 10:34:53 | 513/R42 | 02972 | 29/01/2024 | 26/01/2024 | Libros |